To była dekada - Ważne wydarzenia w Polsce w latach 1990-1999 - Statystyki

Ogólne statystyki
  • Ten quiz został rozwiązany 39 razy
  • Średni wynik to 13 z 20
Statystyki odpowiedzi
Rok Wydarzenie Odpowiedź % Poprawnych
1990 Ta osoba zostaje wybrana prezydentem w pierwszych powojennych powszechnych wyborach. Lech Wałęsa
100%
1994 Swoją premierę na TVP2 ma nadawany do dziś program rozrywkowy z Karolem Strasburgerem jako prowadzącym. Familiada
94%
1993 Ta organizacja charytatywna ma swój pierwszy "finał". Wielka Orkiestra Świątecznej Pomocy
94%
1995 Ta osoba zostaje wybrana na prezydenta. Aleksander Kwaśniewski
91%
1994 Polska debiutuje w tym międzynarodowym konkursie piosenki zajmując drugie miejsce. Eurowizja
91%
1999 Polska przystępuje do tej polityczno-wojskowej organizacji międzynarodowej. NATO
91%
1997 Na terenach południowej Polski dochodzi do tego kataklizmu naturalnego. Powódź
89%
1993 Wojska tego kraju oficjalnie opuszczają terytorium Polskim. Związek Radziecki
89%
1999 Zostaje powołana instytucja -IPN. Rozwiń jej skrót. Instytut Pamięci Narodowej
86%
1998 Polska rozpoczyna rozmowy akcesyjne do tej wspólnoty gospodarczej. Unia Europejska
86%
1997 Po przeprowadzonym referendum dochodzi do uchwalenia tego dokumentu. Konstytucja
80%
1998 Ten dla wielu kultowy kanał telewizyjny z kreskówkami rozpoczął swoje nadawanie w Polsce. Cartoon Network
69%
1991 Polska przestaje być członkiem tej międzynarodowej organizacji militarnej. Układ Warszawski
63%
1995 Waluta o tym symbolu zastępuje dotychczasowego złotego. PLN
57%
1992 Ta osoba zostaje pierwszą kobietą na stanowisku premiera. Hanna Suchocka
51%
1996 Swój start ma pierwsza w Polsce sieć o standardzie GSM. Podaj jej nazwę. Era
46%
1991 W byłym gmachu PZPR w Warszawie rozpoczyna swoją działalność ta instytucja finansowa. Giełda Papierów Wartościowych
23%
1990 W tym mieście dochodzi do katastrofy górniczej w której ginie 14 osób. Ruda Śląska
23%
1996 Po dymisji Józefa Oleksego ta osoba zostaje premierem. Włodzimierz Cimoszewicz
23%
1992 W Krakowie zostaje podpisane to porozumienie handlowe między Polską, Czechosłowacją i Węgrami. CEFTA
0%
Nie znaleziono quizów pasujących do podanych kryteriów
Rozkład punktacji
Procent ludzi z każdym wynikiem
Percentyl według liczby udzielonych odpowiedzi
Twoja historia wyników
Nie rozwiązałeś tego quizu